000 01133nam a22002657a 4500
005 20170124103124.0
010 _aB-076481
020 _c600.00
035 _aB-076481
037 _bCen Lib/Ret
040 _aDPL
_bHN
082 _a307.772
_bअनिल
100 _aअनिल कुमार
_9103822
245 _aझारखण्ड में मुण्डा का आर्थिक इतिहास /
_cअनिल कुमार
246 _aJharkhand mein munda ka aarthik itihas /
_bby Anil Kumar
260 _aपटना
_bजानकी प्रकाशन
_c2002
270 _aअशोक राजपथ, चौहटा
_bपटना
_e700004
300 _a387पृ.
_c21सेमी (सजिल्द )
500 _aअनुक्रमणिका शामिल
650 _aआर्थिक इतिहास
_x
_z
_9103823
650 _aआर्थिक इतिहास--झारखण्ड
_v
_982714
650 _aEconomic History
_96496
650 _aEconomic History--Jharkhand
_982715
942 _2ddc
_cHN
_h307.772
_mअनिल
999 _c118965
_d118965